Sanat - "Eteen ja ylös" - Elastinen - Statistics

Yleistilastot
  • Tätä visaa on pelattu 53 kertaa
  • Keskiarvotulos 119 / 223
Vastaustilastot
Vastaus % Oikein
et
100%
ja
98%
eteen
95%
Katse
93%
katse
93%
suupielet
93%
ylöspäin
91%
80%
ku
77%
voi
77%
ei
75%
en
73%
periks
73%
voima
73%
voimaa
70%
antamaan
68%
kyllä
68%
tuu
68%
kestän
66%
mitä
66%
se
66%
tulla
66%
vastoinkäymisistä
66%
antaa
64%
jos
64%
on
64%
teen
64%
nii
61%
vaa
61%
mun
59%
muut
59%
saa
59%
sen
59%
kaikki
57%
vaan
57%
mahdollisuus
55%
Mul
55%
ollu
55%
saan
55%
voin
55%
kannata
52%
siitä
52%
anneta
50%
että
50%
saavuttaa
50%
tieto
50%
kuulostaa
48%
mitään
48%
vaikka
48%
haasteelt
45%
helppoo
45%
mua
45%
ne
45%
onnistuu
45%
tekis
45%
väkisin
45%
jaksan
43%
jatkan
43%
ois
43%
pysty
43%
korvissa
41%
taas
41%
tahdon
41%
kattoo
39%
pahin
39%
peilistä
39%
asiat
36%
hanskat
36%
tipahda
36%
oo
34%
sanoo
34%
koval
32%
duunilla
30%
kaadutaan
30%
kääntämään
30%
pään
30%
tänään
30%
vastukseni
30%
jota
27%
noustaan
27%
tuo
27%
mus
25%
pyrkii
25%
sit
25%
katseen
23%
Murehtiminen
23%
nostan
23%
oon
23%
selvitään
23%
täydy
23%
kokeillaan
20%
tulee
20%
tulosta
20%
aina
18%
huominenki
18%
kaiken
18%
pusken
18%
takas
18%
eilistä
16%
haastaa
16%
Keniaan
16%
täysii
16%
vaimentaa
16%
asenne
14%
korjaan
14%
kurkkuun
14%
nähny
14%
positiivisempi
14%
ratkasee
14%
luun
11%
mielen
11%
omin
11%
pahaa
11%
rahaa
11%
senki
11%
silmin
11%
slummeihin
11%
toiset
11%
aitoo
9%
ettei
9%
iloo
9%
jälkeen
9%
köyhii
9%
niil
9%
ympäril
9%
alotan
7%
hakenu
7%
ittestäni
7%
meininkiini
7%
Monacon
7%
vaikkei
7%
vipeistä
7%
näkemystä
5%
Ehtoja vastaavia visoja ei löytynyt
Tulosjakauma
Jokaisen tuloksen saaneiden osuus
Persentiili vastausten määrän mukaan
Tuloshistoriasi
Et ole pelannut tätä visaa